Loading...
Sufism: Pranayam Mounam Anandam
| Main Author: | |
|---|---|
| Format: | Printed Book |
| Published: |
Kozhikode
Mathrubhumi printing and Publishing Company
2014
|
| Edition: | Second |
| Subjects: |
| LEADER | 00541nam a2200181 4500 | ||
|---|---|---|---|
| 020 | |a 9788182661011 | ||
| 082 | |a 297.1 SID | ||
| 100 | |a Siddiq Muhammad | ||
| 245 | |a Sufism: Pranayam Mounam Anandam |h MALAYALAM | ||
| 250 | |a Second | ||
| 260 | |a Kozhikode |b Mathrubhumi printing and Publishing Company |c 2014 | ||
| 300 | |a 152 P |b PB |f Book | ||
| 500 | |||
| 650 | |a Sufism | ||
| 700 | |||
| 942 | |c BK | ||
| 999 | |c 269339 |d 269339 | ||
| 952 | |0 0 |1 0 |4 0 |6 297_100000000000000_SID |7 0 |9 286058 |a LIN |b LIN |d 2016-02-12 |l 0 |o 297.1 SID |p LIN9938 |r 2020-02-06 |w 2020-02-06 |y BK | ||